Security first: the Obama administration and immigration reform /
Guardado en:
| Hovedforfatter: | |
|---|---|
| Format: | Texto |
| Tags: |
Tilføj Tag
Ingen Tags, Vær først til at tagge denne postø!
|
MARC
| LEADER | 00000 a a2200000 04500 | ||
|---|---|---|---|
| 001 | 43714 | ||
| 003 | |||
| 040 | |||
| 100 | |a Nevins, Joseph | ||
| 245 | |a Security first: |b the Obama administration and immigration reform / |c Joseph Nevins | ||
| 773 | |g volumen43, número1 (2010), páginas 32-36 : fotos | ||
| 999 | |c 39692 |d 39692 | ||
